Why can't we live together like civilized human beings /

Bibliographic Details
Main Author: Kumin, Maxine, 1925-2014
Format: Book
Language:English
Published: New York : Viking Press, 1982.

MARC

Tag First Indicator Second Indicator Subfields
LEADER 00000cam a22000008a 4500
001 in00000085354
005 20151008061437.0
008 811116s1982 nyu 00011 eng
010 |a  81069967  
020 |a 0670765538 
035 |a (OCoLC)07999216 
035 |9 AAJ8073AM 
039 0 |a 2  |b 3  |c 3  |d 3  |e 3 
040 |a DLC  |c DLC  |d TXA  |d UtOrBLW 
049 |a TXAM  |c [388274] 
050 0 0 |a PS3521.U638  |b W5 
082 0 |a 813/.54  |2 19 
100 1 |a Kumin, Maxine,  |d 1925-2014. 
245 1 0 |a Why can't we live together like civilized human beings /  |c stories by Maxine Kumin. 
263 |a 8205 
264 1 |a New York :  |b Viking Press,  |c 1982. 
300 |a 175 pages ;  |c 23 cm. 
336 |a text  |b txt  |2 rdacontent 
337 |a unmediated  |b n  |2 rdamedia 
338 |a volume  |b nc  |2 rdacarrier 
999 |a MARS 
999 f f |s 115fa5d5-514e-300f-adfc-1a9cf6a3c2d1  |i c95df7a9-1c3c-3c0f-9ec8-9502ecbe6c3b  |t 0 
952 f f |p ric  |a Texas A&M University  |b Rellis Campus  |c Joint Library Facility  |d Remote Storage  |t 0  |e PS3521.U638 W5  |h Library of Congress classification  |i unmediated -- volume  |m A14806190884 
998 f f |a PS3521.U638 W5  |t 0  |l Remote Storage